| 000 | 00746nam a2200229Ia 4500 | ||
|---|---|---|---|
| 003 | OSt | ||
| 005 | 20221005112055.0 | ||
| 006 | a|||||r|||| 00| 0 | ||
| 007 | ta | ||
| 008 | 221004b |||||||| |||| 00| 0 hin d | ||
| 024 | _a1802 | ||
| 037 | _cTextual | ||
| 040 |
_aCRL _cCRL _bhin |
||
| 041 |
_2hin _ahin |
||
| 082 | _aR64x1,1,1, 152L7.1-.2 | ||
| 100 | _aशबरस्वामी | ||
| 245 | 0 | _aजैमिनीय मीमांसा भाष्यम् | |
| 246 | _aJaiminīya mīmāansā bhāṣhyam | ||
| 260 |
_aसोनीपत _bयुधिष्ठिर प्रकाशन _c1977 |
||
| 942 |
_hR64x1,1,1, 152L7.1-.2 _cTEXL _2cc |
||
| 999 |
_c1023748 _d1023748 |
||